Energy efficiency and conservation in the developing world (Бичлэгийн дугаар. 146439)
| 000 -УДИРДЛАГА | |
|---|---|
| Удирдлага | 00711nam a22002417a 4500 |
| 003 - ХЯНАЛТЫН ТОО ТОДОРХОЙЛОГЧ | |
| Код | MN-UlNUM |
| 005 - БИЧИЛТ ХИЙСЭН ОГНОО | |
| Тухайн бичилтийг бичсэн засварласан сүүлийн огноо | 20260311174411.0 |
| 008 - ЕРӨНХИЙ МЭДЭЭЛЭЛ | |
| Ерөнхий мэдээлэл | 260311s1993 dcua b 000 0 eng |
| 020 ## - ISBN | |
| ISBN | 0821323172 |
| -- | 0821323175 |
| 040 ## - БИЧЛЭГ ҮҮСГЭГЧ БАЙГУУЛЛАГА | |
| Бичлэг үүсгэгч номын сангийн код | МУИС-ийн номын сан |
| 084 ## - ББК АНГИЛАЛ | |
| Нэмэлт тусгалт | Нэг сэдэвт бүтээл |
| ББК ангилал | 31.29 |
| Зохиогчийн гурван тэмдэгт | E 54 |
| Мэдлэгийн ялгаа | 65 - Эдийн засаг |
| 245 ## - ҮНДСЭН ГАРЧИГ | |
| Номын нэр | Energy efficiency and conservation in the developing world |
| Бага гарчгийн мэдээ | the World Bank's role |
| 260 ## - ГАРАЛТЫН МЭДЭЭ | |
| Хэвлэгдсэн газар | Washington, D.C |
| Хэвлэлийн газар | World Bank |
| Хэвлэгдсэн он | 1993 |
| 300 ## - МАТЕРИАЛЫН ТОДОРХОЙЛОЛТ | |
| хуудасны тоо | 102 p. : |
| Бусад тоон мэдээлэл | ill. ; |
| Хэмжээ | 23 cm |
| 500 ## - Тайлбар | |
| Дансны дугаар | БС 4452 |
| 546 ## - ХЭЛНИЙ ТУХАЙ МЭДЭЭ | |
| Хэл | Англи хэл дээр, |
| 653 ## - Түлхүүр үг | |
| Түлхүүр үг | energy consumption |
| 653 ## - Түлхүүр үг | |
| Түлхүүр үг | developing countries |
| 653 ## - Түлхүүр үг | |
| Түлхүүр үг | energy policy |
| 942 ## - ЭЛЕМЕНТИЙН ТӨРӨЛ | |
| Зүйлийн төрөл | Ном |
